Romeu e as rosas de gelo (Registo nº 3714)
[ vista simples ]
| 000 -Etiqueta do registo | |
|---|---|
| Cabeçalho | 00763nam a2200265 4500 |
| 005 - Identificador da versão | |
| Campo de controlo | 20240813122040.0 |
| 010 ## - Número internacional normalizado dos livros (ISBN) | |
| Número (ISBN) | 9728769687 |
| 021 ## - Número do Depósito Legal | |
| Código do país | PT |
| Número | 189839/03 |
| 100 ## - Dados gerais de processamento | |
| Dados gerais de processamento | 20030715d2003 c y0pory5003 ba |
| 102 ## - Pais de publicação ou produção | |
| País de publicação | Portugal |
| 101 0# - Língua de publicação | |
| Língua do texto, banda sonora, etc. | Português |
| 215 ## - Descrição física | |
| Indicação específica da natureza do documento e extensão da espécie | 33, [1] p. |
| Outras indicações físicas | il. |
| Dimensões | 23 cm |
| 200 1# - Titulo e menção de responsabilidade | |
| Título próprio | Romeu e as rosas de gelo |
| Primeira menção de responsabilidade | António Mota |
| Outras menções de responsabilidade | il. José Saraiva |
| 225 1# - Colecção | |
| Título próprio da colecção | Obras de António Mota |
| Indicação de volume | 4 |
| 205 ## - Menção da edição | |
| Menção da edição | 2ª ed |
| 210 ## - Publicação, Distribuição, etc. | |
| Lugar da edição, distribuição, etc. | Vila Nova de Gaia |
| Nome do editor, distribuidor, etc. | Gailivro |
| Data da publicação, distribuição, etc. | 2003 |
| 606 ## - Nome comum usado como assunto | |
| Número de registo de entrada de autoridade | 0000001 |
| Palavra de ordem | Literatura portuguesa |
| Subdivisão de assunto | Conto|2CA |
| 675 ## - Classificação Decimal Universal (CDU) | |
| Notação | 821.134.3-34 |
| Edição | 3ª ed. |
| Língua da edição | por |
| 702 #1 - Nome de autor-pessoa física (responsabilidade secundária) | |
| Número de registo de entrada de autoridade | 0000104 |
| Palavra de ordem | Saraiva |
| Outra parte do nome não tomada para palavra de ordem | José Manuel |
| Datas | 1974- |
| Código de função | Ilustrador / Técnico de desenho computorizado |
| 700 #1 - Nome de autor-pessoa física (responsabilidade principal) | |
| Número de registo de entrada de autoridade | 0000068 |
| Palavra de ordem | Mota |
| Outra parte do nome não tomada para palavra de ordem | António |
| Datas | 1957- |
| 942 ## - Elementos de entrada adicionados (Koha) | |
| Tipo de item no Koha | Livro |
| Situação do levantamento | Origin of item (home branch) (coded) | Biblioteca de empréstimo | Código de barras | Cota | Circulation type (not for loan) | Tipo de documento | Nota do exemplar | Damaged status |
|---|---|---|---|---|---|---|---|---|
| Biblioteca Escolar das Vendas | Biblioteca Escolar das Vendas | BEV1134 | 8POR MOT | Livro | Sem mensagem |
